| 000 | 01582nam a2200385Ia 4500 | ||
|---|---|---|---|
| 001 | ebr10748612 | ||
| 003 | CaPaEBR | ||
| 006 | m o u | ||
| 007 | cr cn||||||||| | ||
| 008 | 130222s2012 pauad sb 001 0 eng d | ||
| 010 | _z 2012277059 | ||
| 020 | _z9780812245295 | ||
| 020 | _z0812245296 | ||
| 020 | _z9780812208610 | ||
| 040 |
_aCaPaEBR _cCaPaEBR |
||
| 035 | _a(OCoLC)859161028 | ||
| 050 | 1 | 4 |
_aS473.E8 _bI58 2012eb |
| 082 | 0 | 4 |
_a630.963 _223 |
| 110 | 2 | _aInternational Food Policy Research Institute. | |
| 245 | 1 | 0 |
_aFood and agriculture in Ethiopia _h[electronic resource] : _bprogress and policy challenges / _cedited by Paul A. Dorosh and Shahidur Rashid. |
| 246 | 3 | _aFood & agriculture in Ethiopia | |
| 260 |
_aPhiladelphia : _bUniversity of Pennsylvania Press, _c[2012] |
||
| 300 |
_axxviii, 346 p. : _bill., charts. |
||
| 500 | _a"Published for the International Food Policy Research Institute." | ||
| 504 | _aIncludes bibliographical references and index. | ||
| 533 |
_aElectronic reproduction. _bPalo Alto, Calif. : _cebrary, _d2013. _nAvailable via World Wide Web. _nAccess may be limited to ebrary affiliated libraries. |
||
| 650 | 0 |
_aAgriculture _zEthiopia. |
|
| 650 | 0 |
_aAgricultural systems _zEthiopia. |
|
| 655 | 7 |
_aElectronic books. _2local |
|
| 700 | 1 | _aDorosh, Paul Anthony. | |
| 700 | 1 | _aRashid, Shahidur. | |
| 710 | 2 | _aInternational Food Policy Research Institute. | |
| 710 | 2 | _aebrary, Inc. | |
| 856 | 4 | 0 |
_uhttp://site.ebrary.com/lib/rucke/Doc?id=10748612 _zAn electronic book accessible through the World Wide Web; click to view |
| 999 |
_c219222 _d219222 |
||